Sanga nupto ; (Record no. 69915)

MARC details
000 -LEADER
campo de control de longitud fija 00957nam a2200301 i 4500
001 - NÚMERO DE CONTROL
campo de control 69915
003 - IDENTIFICADOR DE NÚMERO DE CONTROL
campo de control ES-MaACL
005 - FECHA Y HORA DE LA ÚLTIMA TRANSACCIÓN
campo de control 20230906170647.0
007 - CAMPO FIJO DE DESCRIPCIÓN FÍSICA--INFORMACIÓN GENERAL
campo de control de longitud fija t|
008 - DATOS DE LONGITUD FIJA--INFORMACIÓN GENERAL
campo de control de longitud fija 040713s1987 sp 001 d epo d
020 ## - NÚMERO INTERNACIONAL ESTÁNDAR DEL LIBRO
Número Internacional Estándar del Libro 84-86384-03-6
080 ## - NÚMERO DE LA CLASIFICACIÓN DECIMAL UNIVERSAL
Número de la Clasificación Decimal Universal 821.134.2-23"19"
100 1# - ENTRADA PRINCIPAL--NOMBRE DE PERSONA
Nombre de persona García Lorca, Federico,
Fechas asociadas al nombre 1898-1936
9 (RLIN) 54853
245 10 - MENCIÓN DEL TÍTULO
Título Sanga nupto ;
Resto del título La domo de Bernarda Alba /
Mención de responsabilidad, etc. de Federico García Lorca ; tradukita de Miguel Fernández.
260 ## - PUBLICACIÓN, DISTRIBUCIÓN, ETC.
Lugar de publicación, distribución, etc. Madrid :
Nombre del editor, distribuidor, etc. Ediciones La Misma,
Fecha de publicación, distribución, etc. 1987.
300 ## - DESCRIPCIÓN FÍSICA
Extensión 229 p. ;
Dimensiones 22 cm.
490 1# - MENCIÓN DE SERIE
Mención de serie Oriento-okcidento ;
Designación de volumen o secuencia 23
504 ## - NOTA DE BIBLIOGRAFÍA, ETC.
Nota de bibliografía, etc. Bibliografía.
546 ## - NOTA DE IDIOMA
Nota de lengua/lenguaje Texto en esperanto.
700 1# - ENTRADA AGREGADA--NOMBRE PERSONAL
Nombre de persona Fernández, Miguel (
Fechas asociadas al nombre 1950-)
9 (RLIN) 162251
740 32 - ENTRADA AGREGADA--TÍTULO RELACIONADO/ANALÍTICO NO CONTROLADO
Título relacionado o analítico no controlado La domo de Bernarda Alba.
740 02 - ENTRADA AGREGADA--TÍTULO RELACIONADO/ANALÍTICO NO CONTROLADO
Título relacionado o analítico no controlado Bodas de sangre.
740 32 - ENTRADA AGREGADA--TÍTULO RELACIONADO/ANALÍTICO NO CONTROLADO
Título relacionado o analítico no controlado La casa de Bernarda Alba.
830 1# - PUNTO DE ACCESO ADICIONAL DE SERIE-TÍTULO UNIFORME
Título uniforme Oriento-okcidento ;
Designación de volumen o secuencia 23
9 (RLIN) 226597
852 4# - LOCALIZACIÓN
Ubicación ES-MaACL
Número de control de estantería L-12859
852 4# - LOCALIZACIÓN
Ubicación ES-MaACL
Número de control de estantería L-13073
Holdings
Estatus retirado Estado de pérdida Estado de daño No para préstamo Biblioteca de origen Biblioteca actual Ubicación en estantería Fecha de adquisición Fuente de adquisición Total de préstamos Signatura topográfica completa Código de barras Visto por última vez Precio de reemplazo Tipo de ítem Koha
        Biblioteca del Ateneo de Madrid Biblioteca del Ateneo de Madrid Depósito 2 17/01/2008     L-13073 1073211 23/02/2023 23/02/2023 Libro impreso
        Biblioteca del Ateneo de Madrid Biblioteca del Ateneo de Madrid Depósito 2 17/01/2008     L-12859 1073210 23/02/2023 23/02/2023 Libro impreso